[Event "BLR-ch sf"]
[Site "Minsk"]
[Date "2023.12.15"]
[Round "9"]
[White "Volkov, Yan"]
[Black "Yastrebov, Yaroslav"]
[Result "0-1"]
[WhiteElo "1109"]
[BlackElo "1282"]
[PlyCount "124"]
[EventDate "2023.12.07"]
[EventType "swiss"]
[EventRounds "9"]
[EventCountry "BLR"]
[SourceTitle "CBM 217 Extra"]
[Source "ChessBase"]
[SourceDate "2024.01.31"]
[SourceVersion "1"]
[SourceVersionDate "2024.01.31"]
[SourceQuality "1"]

1. e4 c5 2. Nc3 e5 3. Bc4 d6 4. d3 Nc6 5. Nge2 Na5 6. Bb3 Nxb3 7. axb3 g6 8. 0-0 Bg7 9. f4 f5 10. Qe1 Ne7 11. Qh4 fxe4 12. dxe4 0-0 13. f5 Nc6 14. Qxd8 Rxd8 15. f6 Bf8 16. f7+ Kg7 17. Nd5 h6 18. Nec3 Rb8 19. Nc7 Bd7 20. N3d5 Rbc8 21. c3 a6 22. Be3 Ne7 23. Rf2 Nxd5 24. Nxd5 Be6 25. Rd1 Rb8 26. Rdf1 Bxd5 27. exd5 Be7 28. g4 Rf8 29. Rf3 Rbc8 30. Rh3 g5 31. Rhf3 Rc7 32. h3 Bd8 33. Kg2 e4 34. Rf5 Rcxf7 35. Rxf7+ Rxf7 36. Rxf7+ Kxf7 37. Bf2 Bf6 38. Bg3 Ke7 39. Kf2 b5 40. Ke3 b4 41. Be1 a5 42. Kxe4 Be5 43. Kd3 Kf6 44. Bd2 Bh2 45. Ke4 Bg3 46. cxb4 axb4 47. Bc1 Be5 48. Kd3 Bd4 49. Ke4 Bg1 50. Bd2 Bf2 51. Bc1 Bd4 52. Bd2 Bxb2 53. Be1 Be5 54. Kd3 Bh2 55. Ke4 Bf4 56. Kd3 Ke5 57. Bf2 Kxd5 58. h4 Kc6 59. hxg5 hxg5 60. Be1 d5 61. Kc2 Kb5 62. Bf2 Be5 0-1

[Event "BLR-ch sf"]
[Site "Minsk"]
[Date "2023.12.12"]
[Round "6"]
[White "Yastrebov, Yaroslav"]
[Black "Astrovski, Roman"]
[Result "0-1"]
[WhiteElo "1282"]
[BlackElo "1369"]
[PlyCount "76"]
[EventDate "2023.12.07"]
[EventType "swiss"]
[EventRounds "9"]
[EventCountry "BLR"]
[SourceTitle "CBM 217 Extra"]
[Source "ChessBase"]
[SourceDate "2024.01.31"]
[SourceVersion "1"]
[SourceVersionDate "2024.01.31"]
[SourceQuality "1"]

1. e4 c5 2. Nc3 e6 3. d4 cxd4 4. Qxd4 Nc6 5. Qa4 Nf6 6. Bf4 Bb4 7. Bd3 d5 8. Bd2 0-0 9. 0-0-0 Qb6 10. exd5 exd5 11. f3 Bd7 12. a3 Bxc3 13. Bxc3 d4 14. Be1 Nd5 15. Qb5 Ne3 16. Qxb6 axb6 17. Rd2 Ne5 18. Be4 Rac8 19. Rxd4 Bb5 20. Bf2 Nxc2 21. Bxc2 Nd3+ 22. Kb1 Nxf2 23. Nh3 Nxh1 24. Rd1 g6 25. Rxh1 Rfd8 26. Nf4 Rd2 27. Bb3 Kf8 28. Nd5 Bd3+ 29. Ka1 b5 30. Nf6 Bc4 31. Rc1 Rc6 32. Bxc4 bxc4 33. Nxh7+ Kg7 34. Ng5 Rxg2 35. h4 Rh2 36. Rd1 c3 37. b3 Rxh4 38. Rc1 f5 0-1